[Event "GRENKE Chess Open 2024"]
[Site "Karlsruhe"]
[Date "2024.04.01"]
[Round "8.53"]
[White "Sutter, Oliver"]
[Black "Engel, Bruno"]
[Result "1/2-1/2"]
[WhiteElo "2311"]
[BlackElo "2007"]
[Annotator "ChessBase"]
[PlyCount "110"]
[EventDate "2024.03.28"]
[EventType "swiss"]
[EventCountry "GER"]
[SourceTitle "playchess.com"]
[Source "ChessBase"]
[SourceQuality "1"]

1. d4 Nf6 2. c4 e6 3. Nf3 d5 4. g3 Bb4+ 5. Bd2 Be7 6. Bg2 c6 7. O-O Nbd7 8. Qc2 b6 9. b3 Bb7 10. Nc3 O-O 11. e4 dxe4 12. Nxe4 c5 13. Nxf6+ Nxf6 14. dxc5 Bxc5 15. Bc3 Be4 16. Qb2 Be7 17. Ne5 Bxg2 18. Kxg2 Qc7 19. Qe2 Nd7 20. Nxd7 Qxd7 21. Rfd1 Qc6+ 22. Qf3 Qxf3+ 23. Kxf3 Rfd8 24. a4 Kf8 25. a5 bxa5 26. Bxa5 Rxd1 27. Rxd1 Rb8 28. Rd3 Ke8 29. Ke2 Rb7 30. b4 e5 31. c5 Rb8 32. Rd5 f6 33. c6 g6 34. c7 Rc8 35. g4 f5 36. gxf5 gxf5 37. f3 Bf6 38. Kd3 h6 39. h3 h5 40. Ke2 h4 41. Kd3 a6 42. Rd6 Be7 43. Re6 Kd7 44. Rxe5 f4 45. Rf5 Bd6 46. Ke4 Kc6 47. Rf6 Kd7 48. Kd5 Be7 49. Rxf4 Rg8 50. Rf7 Rg5+ 51. Ke4 Rg8 52. b5 Ke6 53. Rxe7+ Kxe7 54. b6 Kd6 55. b7 Re8+ 1/2-1/2

[Event "GRENKE Chess Open 2024"]
[Site "Karlsruhe"]
[Date "2024.04.01"]
[Round "8.54"]
[White "Boeren, Jurriaan"]
[Black "Tifferet, Shakked"]
[Result "1-0"]
[WhiteElo "2137"]
[BlackElo "2310"]
[Annotator "ChessBase"]
[PlyCount "62"]
[EventDate "2024.03.28"]
[EventType "swiss"]
[EventCountry "GER"]
[SourceTitle "playchess.com"]
[Source "ChessBase"]
[SourceQuality "1"]

1. e4 e5 2. Nf3 Nc6 3. Bb5 a6 4. Ba4 Bc5 5. c3 Nge7 6. O-O Ba7 7. d4 Ng6 8. Bg5 f6 9. Be3 O-O 10. Nbd2 d6 11. Re1 Kh8 12. Qe2 Bd7 13. Bc2 Qe8 14. Rad1 Nd8 15. dxe5 fxe5 16. Bxa7 Rxa7 17. g3 Ra8 18. Qe3 Bg4 19. Bd3 Qf7 20. Bc4 Qf6 21. Be2 Nf7 22. Ng5 Nh6 23. h4 Bd7 24. Rf1 Ng4 25. Bxg4 Bxg4 26. f3 Bd7 27. Kg2 h6 28. Nh3 Bxh3+ 29. Kxh3 Qe6+ 30. Kg2 Qxa2 31. h5 Ne7 1-0

[Event "GRENKE Chess Open 2024"]
[Site "Karlsruhe"]
[Date "2024.04.01"]
[Round "9.1"]
[White "Shevchenko, Kirill"]
[Black "Vavulin, Maxim"]
[Result "1-0"]
[WhiteElo "2670"]
[BlackElo "2538"]
[Annotator "TA"]
[PlyCount "65"]
[EventDate "2024.03.28"]
[EventType "swiss"]
[EventCountry "GER"]
[SourceTitle "playchess.com"]
[Source "ChessBase"]
[SourceQuality "1"]

1. d4 g6 2. e4 Bg7 3. Nc3 d6 4. Nf3 a6 5. Be3 b5 6. h4 Nf6 7. e5 Ng4 8. h5 O-O 9. Bd3 c5 10. hxg6 hxg6 11. Be4 Ra7 12. Qe2 b4 13. Nd5 Nxe3 14. fxe3 e6 15. Nf4 d5 16. Bd3 c4 17. g4 cxd3 18. Qh2 Re8 19. Qh7+ Kf8 20. O-O Ree7 21. Ng5 f5 22. exf6 Bxf6 23. Nxg6+ Ke8 24. Nxe7 Bxe7 25. Nf7 Qb6 26. Qg8+ Bf8 27. Qg6 Be7 28. cxd3 Nc6 29. Ne5+ Kd8 30. Rac1 Bd7 31. Qg8+ Kc7 32. Nxc6 Bxc6 33. Qxe6 1-0

[Event "GRENKE Chess Open 2024"]
[Site "Karlsruhe"]
[Date "2024.04.01"]
[Round "9.1"]
[White "Cukrowski, Filip"]
[Black "Pillard, Valentin"]
[Result "1-0"]
[WhiteElo "2394"]
[BlackElo "2224"]
[Annotator "ChessBase"]
[PlyCount "91"]
[EventDate "2024.03.28"]
[EventType "swiss"]
[EventCountry "GER"]
[SourceTitle "playchess.com"]
[Source "ChessBase"]
[SourceQuality "1"]

1. d4 Nf6 2. c4 b6 3. Nc3 Bb7 4. Qc2 d5 5. Nf3 e6 6. Bg5 Be7 7. e3 O-O 8. Rd1 Nbd7 9. Be2 dxc4 10. Bxc4 c5 11. d5 Nxd5 12. Nxd5 Bxg5 13. Nc3 Bxf3 14. gxf3 Qe7 15. h4 Bh6 16. f4 Nf6 17. Ke2 Rad8 18. Bd3 e5 19. f5 Rfe8 20. Be4 Rxd1 21. Rxd1 Rd8 22. Rxd8+ Qxd8 23. Qa4 Qd7 24. Qxd7 Nxd7 25. Nb5 a5 26. Bc6 Nb8 27. Bd5 Kf8 28. Nd6 f6 29. a4 g6 30. Be4 g5 31. h5 Nd7 32. Bc6 Ke7 33. Nc4 Bf8 34. e4 g4 35. Bxd7 Kxd7 36. Nxb6+ Kd8 37. Nc4 Bh6 38. Nxa5 Kc7 39. Nc4 Bf4 40. b3 g3 41. fxg3 Bxg3 42. Ne3 Kc6 43. Kd3 Bf2 44. Nd5 Bh4 45. Kc4 Bg5 46. a5 1-0

[Event "GRENKE Chess Open 2024"]
[Site "Karlsruhe"]
[Date "2024.04.01"]
[Round "9.2"]
[White "Kollars, Dmitrij"]
[Black "Fedoseev, Vladimir"]
[Result "1/2-1/2"]
[WhiteElo "2629"]
[BlackElo "2690"]
[Annotator "TA"]
[PlyCount "52"]
[EventDate "2024.03.28"]
[EventType "swiss"]
[EventCountry "GER"]
[SourceTitle "playchess.com"]
[Source "ChessBase"]
[SourceQuality "1"]

1. e4 e5 2. Nf3 Nc6 3. Bb5 Nf6 4. O-O Nxe4 5. Re1 Nd6 6. Nxe5 Be7 7. Bf1 Nf5 8. Nf3 O-O 9. d4 d5 10. c3 Bd6 11. Nbd2 Nce7 12. Bd3 g6 13. Nf1 c6 14. a4 a5 15. Bd2 Ng7 16. Ne3 f6 17. Qc2 Be6 18. Re2 Qd7 19. Rae1 Kh8 20. b3 Nh5 21. g3 Ng7 22. c4 Rf7 23. Bc3 Bc7 24. Bb2 Bd6 25. Bc3 Kg8 26. Nh4 Kh8 1/2-1/2

[Event "GRENKE Chess Open 2024"]
[Site "Karlsruhe"]
[Date "2024.04.01"]
[Round "9.2"]
[White "Horvath, Dominik"]
[Black "Bluebaum, Matthias"]
[Result "0-1"]
[WhiteElo "2534"]
[BlackElo "2655"]
[Annotator "TA"]
[PlyCount "60"]
[EventDate "2024.03.28"]
[EventType "swiss"]
[EventCountry "GER"]
[SourceTitle "playchess.com"]
[Source "ChessBase"]
[SourceQuality "1"]

1. d4 Nf6 2. c4 e6 3. Nf3 d5 4. Nc3 Bb4 5. Bg5 h6 6. Bxf6 Qxf6 7. Qb3 c5 8. cxd5 exd5 9. a3 Bxc3+ 10. Qxc3 Nd7 11. g4 c4 12. h4 Qf4 13. Qd2 Qxd2+ 14. Nxd2 Nf6 15. f3 b5 16. Kf2 Be6 17. Bh3 Ke7 18. g5 hxg5 19. Bxe6 fxe6 20. hxg5 Nd7 21. f4 a5 22. Nf3 Rxh1 23. Rxh1 b4 24. Ra1 b3 25. Nd2 Nb6 26. a4 c3 27. bxc3 b2 28. Ra2 Nc4 29. Nb1 Rh8 30. Kg2 Kf7 0-1

[Event "GRENKE Chess Open 2024"]
[Site "Karlsruhe"]
[Date "2024.04.01"]
[Round "9.2"]
[White "Vyval, Volodymyr"]
[Black "Federer, Colin"]
[Result "1-0"]
[WhiteElo "2279"]
[BlackElo "2024"]
[Annotator "ChessBase"]
[PlyCount "106"]
[EventDate "2024.03.28"]
[EventType "swiss"]
[EventCountry "GER"]
[SourceTitle "playchess.com"]
[Source "ChessBase"]
[SourceQuality "1"]

1. e4 c5 2. Nf3 d6 3. d4 cxd4 4. Nxd4 Nf6 5. Nc3 a6 6. h4 e5 7. Nb3 Be7 8. Bg5 Be6 9. Qd2 Nbd7 10. O-O-O h6 11. Bxf6 Nxf6 12. g3 Rc8 13. Kb1 Qb6 14. f3 h5 15. Nd5 Bxd5 16. exd5 O-O 17. c4 Rfe8 18. Bd3 e4 19. fxe4 Ng4 20. Rc1 Bf6 21. Rhf1 Bd4 22. Rce1 Be3 23. Qe2 Bf2 24. Rc1 a5 25. c5 Bxc5 26. Bb5 Rf8 27. Bd7 Rc7 28. Bxg4 hxg4 29. Nxc5 Rxc5 30. Qxg4 Rfc8 31. Rxc5 Qxc5 32. Qe2 Qd4 33. Rd1 Qe5 34. g4 a4 35. a3 Rc5 36. Qd3 b5 37. h5 Rc4 38. Re1 Rd4 39. Qc2 Rc4 40. Qe2 Qd4 41. e5 Qxd5 42. exd6 Rd4 43. Qc2 Rd3 44. d7 Qxd7 45. g5 Rd2 46. Qc1 Qf5+ 47. Ka1 Qxg5 48. Rg1 Qd5 49. Qc8+ Kh7 50. Qg4 Qd4 51. Qf5+ Kh8 52. Qc8+ Kh7 53. Qf5+ Kh8 1-0

[Event "GRENKE Chess Open 2024"]
[Site "Karlsruhe"]
[Date "2024.04.01"]
[Round "9.2"]
[White "Van Roon, Sjoerd"]
[Black "Monroy, Charles"]
[Result "1/2-1/2"]
[WhiteElo "2238"]
[BlackElo "2393"]
[Annotator "RC"]
[PlyCount "75"]
[EventDate "2024.03.28"]
[EventType "swiss"]
[EventCountry "GER"]
[SourceTitle "playchess.com"]
[Source "ChessBase"]
[SourceQuality "1"]

1. e4 e5 2. Nf3 Nc6 3. Bc4 Nf6 4. Ng5 d5 5. exd5 Na5 6. Bb5+ c6 7. dxc6 bxc6 8. Bd3 Nd5 9. Nf3 Bd6 10. O-O Nf4 11. Re1 Nxd3 12. cxd3 O-O 13. Nxe5 Re8 14. d4 f6 15. Nf3 Bg4 16. Re3 Bf4 17. h3 Bxe3 18. dxe3 Bh5 19. Nbd2 Kh8 20. b3 Nb7 21. Ba3 Rc8 22. Rc1 Qa5 23. Nc4 Qd5 24. g4 Bg6 25. Nh4 Red8 26. Qf3 Qxf3 27. Nxf3 c5 28. dxc5 Nxc5 29. Nd6 Rxd6 30. Rxc5 Rxc5 31. Bxc5 Rd1+ 32. Kg2 a6 33. Nd4 Kg8 34. a4 Rb1 35. b4 Be8 36. a5 Bd7 37. f3 Kf7 38. Kg3 1/2-1/2

[Event "GRENKE Chess Open 2024"]
[Site "Karlsruhe"]
[Date "2024.04.01"]
[Round "9.3"]
[White "Svane, Rasmus"]
[Black "Gavrilescu, David"]
[Result "1/2-1/2"]
[WhiteElo "2623"]
[BlackElo "2524"]
[Annotator "TA"]
[PlyCount "81"]
[EventDate "2024.03.28"]
[EventType "swiss"]
[EventCountry "GER"]
[SourceTitle "playchess.com"]
[Source "ChessBase"]
[SourceQuality "1"]

1. d4 Nf6 2. Nf3 d5 3. Bf4 c5 4. e3 Nc6 5. Nbd2 cxd4 6. exd4 Bf5 7. c3 e6 8. Bb5 Bd6 9. Bxd6 Qxd6 10. O-O a6 11. Bxc6+ bxc6 12. Ne5 O-O 13. Nb3 a5 14. f3 Ne8 15. Nc5 f6 16. Ned3 Nc7 17. f4 Na6 18. Nxa6 Rxa6 19. Nc5 Rb6 20. Rf2 Rfb8 21. b3 Be4 22. a3 Ra8 23. b4 Rbb8 24. Qe1 Ra7 25. h3 f5 26. Nb3 a4 27. Nc5 h6 28. Qe3 Kh7 29. h4 Rg8 30. Qh3 g6 31. Re1 Kg7 32. c4 Kf7 33. cxd5 cxd5 34. Rc1 Rc7 35. Rc3 Ra7 36. Nd3 Bxd3 37. Qxd3 g5 38. hxg5 hxg5 39. fxg5 Rxg5 40. Qc2 Rh5 41. g3 1/2-1/2

[Event "GRENKE Chess Open 2024"]
[Site "Karlsruhe"]
[Date "2024.04.01"]
[Round "9.3"]
[White "Ivic, Velimir"]
[Black "Niemann, Hans Moke"]
[Result "0-1"]
[WhiteElo "2582"]
[BlackElo "2676"]
[Annotator "TA"]
[PlyCount "86"]
[EventDate "2024.03.28"]
[EventType "swiss"]
[EventCountry "GER"]
[SourceTitle "playchess.com"]
[Source "ChessBase"]
[SourceQuality "1"]

1. e4 c5 2. Nf3 d6 3. d4 cxd4 4. Nxd4 Nf6 5. Nc3 a6 6. Be3 e5 7. Nb3 Be6 8. f3 Be7 9. Qd2 h5 10. Nd5 Nxd5 11. exd5 Bf5 12. Be2 Bh4+ 13. g3 Be7 14. O-O-O a5 15. Bd3 Bd7 16. Kb1 a4 17. Nc1 Qa5 18. Qxa5 Rxa5 19. c4 f5 20. h3 Ra8 21. g4 g6 22. gxf5 gxf5 23. c5 Na6 24. cxd6 Bxd6 25. Rhg1 Kf7 26. a3 Rag8 27. Ne2 Nc5 28. Bc2 Nb3 29. h4 Be7 30. f4 Rxg1 31. Rxg1 e4 32. Nd4 Bxh4 33. Nxb3 axb3 34. Bxb3 Rh7 35. d6+ Be6 36. Ba4 Bd8 37. Rh1 h4 38. Bf2 Bd5 39. Rh3 Ke6 40. d7 Bc4 41. Kc1 b5 42. Bc2 Rxd7 43. Bxh4 Rh7 0-1

[Event "GRENKE Chess Open 2024"]
[Site "Karlsruhe"]
[Date "2024.04.01"]
[Round "9.4"]
[White "Sarana, Alexey"]
[Black "Yoo, Christopher Woojin"]
[Result "1/2-1/2"]
[WhiteElo "2699"]
[BlackElo "2583"]
[Annotator "TA"]
[PlyCount "160"]
[EventDate "2024.03.28"]
[EventType "swiss"]
[EventCountry "GER"]
[SourceTitle "playchess.com"]
[Source "ChessBase"]
[SourceQuality "1"]

1. d4 Nf6 2. c4 e6 3. Nc3 Bb4 4. e3 O-O 5. Bd3 d5 6. Nf3 dxc4 7. Bxc4 b6 8. O-O Bb7 9. a3 Bxc3 10. bxc3 c5 11. Qe2 Nbd7 12. Bb2 Qc7 13. Nd2 e5 14. Rac1 Rfe8 15. f3 Bc6 16. Ba2 b5 17. e4 c4 18. Rfd1 Nb6 19. Nf1 Na4 20. Bb1 Qe7 21. Ne3 g6 22. Re1 a5 23. Rcd1 Rac8 24. Qc2 exd4 25. cxd4 b4 26. axb4 axb4 27. e5 Nh5 28. d5 b3 29. Qd2 c3 30. Bxc3 Nxc3 31. Qxc3 Bxd5 32. Nxd5 Rxc3 33. Nxe7+ Rxe7 34. Kf2 Nf4 35. Re4 Ne6 36. Rb4 Rec7 37. Be4 Nc5 38. Bb1 Kg7 39. f4 Rc2+ 40. Kf3 h5 41. h4 Rc8 42. Kg3 Rc3+ 43. Kf2 Ra8 44. Ke2 Ra1 45. Rb8 Ne6 46. Rb4 Kh6 47. f5 gxf5 48. Bxf5 Ra5 49. Rd3 Rxe5+ 50. Kd1 Rxd3+ 51. Bxd3 Rd5 52. Ke2 Kg7 53. Ke3 Re5+ 54. Kd2 Nc5 55. Be2 Ne4+ 56. Kd3 Nc5+ 57. Kd2 Rd5+ 58. Kc3 b2 59. Rxb2 Na4+ 60. Kc4 Rf5 61. Rb3 Nc5 62. Rg3+ Kh6 63. Rf3 Rxf3 64. Bxf3 Ne6 65. Kd5 Nf4+ 66. Ke4 Ng6 67. g3 Nh8 68. Kf5 Ng6 69. Kf6 Nxh4 70. Bd5 Ng6 71. Bxf7 Nf8 72. Be8 Nh7+ 73. Kf5 Ng5 74. Bxh5 Kxh5 75. g4+ Kh6 76. Kf4 Nh7 77. g5+ Kh5 78. g6 Kh6 79. gxh7 Kg7 80. h8=Q+ Kxh8 1/2-1/2

[Event "GRENKE Chess Open 2024"]
[Site "Karlsruhe"]
[Date "2024.04.01"]
[Round "9.4"]
[White "Costa, Leonardo"]
[Black "Chigaev, Maksim"]
[Result "0-1"]
[WhiteElo "2479"]
[BlackElo "2617"]
[Annotator "TA"]
[PlyCount "106"]
[EventDate "2024.03.28"]
[EventType "swiss"]
[EventCountry "GER"]
[SourceTitle "playchess.com"]
[Source "ChessBase"]
[SourceQuality "1"]

1. e4 e5 2. Nf3 Nc6 3. Bb5 a6 4. Ba4 Nf6 5. O-O Be7 6. d3 d6 7. c3 O-O 8. Re1 Re8 9. h3 b5 10. Bc2 h6 11. Nbd2 Bf8 12. d4 Bb7 13. d5 Nb8 14. b3 Nbd7 15. Nf1 c6 16. c4 Qc7 17. Ng3 Nc5 18. Be3 Rec8 19. Rc1 bxc4 20. bxc4 cxd5 21. cxd5 Qd8 22. Nd2 a5 23. Bb1 Nfd7 24. Nf5 Ba6 25. Nc4 Bxc4 26. Rxc4 Kh7 27. Qd2 Rab8 28. h4 Rb4 29. Rec1 Rcb8 30. Rxb4 Rb7 31. Rb5 Rxb5 32. a3 Rb3 33. a4 Rb4 34. Bc2 h5 35. Bg5 Qe8 36. Rb1 g6 37. Ng3 Qb8 38. Qc1 Rxb1 39. Qxb1 Qxb1+ 40. Bxb1 Nxa4 41. Bd8 Nab6 42. Ne2 Bh6 43. Bc7 Nc4 44. Nc3 Bd2 45. Na4 Bb4 46. f3 Nc5 47. Nb6 Na3 48. Ba2 Nb5 49. Bb8 Na6 50. Nd7 Nxb8 51. Nxb8 Nc3 52. Bc4 a4 53. Nc6 Bc5+ 0-1

[Event "GRENKE Chess Open 2024"]
[Site "Karlsruhe"]
[Date "2024.04.01"]
[Round "9.4"]
[White "Gaal, Zsoka"]
[Black "Schwibbert, Jonas"]
[Result "1-0"]
[WhiteElo "2379"]
[BlackElo "2131"]
[Annotator "RC"]
[PlyCount "53"]
[EventDate "2024.03.28"]
[EventType "swiss"]
[EventCountry "GER"]
[SourceTitle "playchess.com"]
[Source "ChessBase"]
[SourceQuality "1"]

1. Nf3 Nf6 2. g3 d5 3. Bg2 Nbd7 4. d4 e6 5. O-O b5 6. a4 b4 7. c4 bxc3 8. Nxc3 Be7 9. Bf4 Nh5 10. Bd2 Nhf6 11. Qc2 Bb7 12. a5 Rc8 13. a6 Ba8 14. Nb5 c6 15. Nxa7 Rb8 16. Ba5 Nb6 17. Nxc6 Qc7 18. Rfc1 Rc8 19. Qb3 Nfd7 20. Nxe7 Qxc1+ 21. Rxc1 Rxc1+ 22. Bf1 Nc4 23. Bb4 Rb1 24. Nc8 Nb8 25. Nd6+ Kd7 26. Nxc4 dxc4 27. Ne5+ 1-0

[Event "GRENKE Chess Open 2024"]
[Site "Karlsruhe"]
[Date "2024.04.01"]
[Round "9.5"]
[White "Sjugirov, Sanan"]
[Black "Pultinevicius, Paulius"]
[Result "1/2-1/2"]
[WhiteElo "2690"]
[BlackElo "2575"]
[Annotator "TA"]
[PlyCount "98"]
[EventDate "2024.03.28"]
[EventType "swiss"]
[EventCountry "GER"]
[SourceTitle "playchess.com"]
[Source "ChessBase"]
[SourceQuality "1"]

1. e4 c6 2. d4 d5 3. Nc3 dxe4 4. Nxe4 Nf6 5. Nxf6+ exf6 6. c3 Bd6 7. Bd3 O-O 8. Ne2 Re8 9. O-O Nd7 10. Ng3 g6 11. Ne4 Be7 12. Re1 Nf8 13. Bh6 Ne6 14. Qf3 f5 15. Nd2 Bf8 16. Bxf8 Nxf8 17. Nc4 Rxe1+ 18. Rxe1 Be6 19. Qg3 b6 20. h4 c5 21. dxc5 bxc5 22. h5 f4 23. Qf3 Rb8 24. Re5 Rc8 25. Re2 Qg5 26. Re4 Rd8 27. Bf1 gxh5 28. Rxf4 Ng6 29. Re4 h4 30. Qe3 Qxe3 31. Nxe3 Rd2 32. f4 Bxa2 33. f5 Nf8 34. Ra4 Rxb2 35. Rxa7 Kg7 36. Rc7 h5 37. Bc4 Bxc4 38. Nxc4 Rb1+ 39. Kf2 Nh7 40. Nd6 Ng5 41. Ne8+ Kf8 42. Nf6 h3 43. gxh3 h4 44. Rxc5 Nxh3+ 45. Kf3 Rg1 46. Ne4 Kg7 47. Rc4 Ng5+ 48. Nxg5 Rxg5 49. Rxh4 Rxf5+ 1/2-1/2

[Event "GRENKE Chess Open 2024"]
[Site "Karlsruhe"]
[Date "2024.04.01"]
[Round "9.5"]
[White "Krastev, Alexander"]
[Black "Kamsky, Gata"]
[Result "1/2-1/2"]
[WhiteElo "2457"]
[BlackElo "2616"]
[Annotator "TA"]
[PlyCount "239"]
[EventDate "2024.03.28"]
[EventType "swiss"]
[EventCountry "GER"]
[SourceTitle "playchess.com"]
[Source "ChessBase"]
[SourceQuality "1"]

1. e4 c5 2. Nf3 Nc6 3. Bb5 g6 4. Bxc6 bxc6 5. O-O Bg7 6. Re1 d6 7. e5 dxe5 8. Nxe5 Qd6 9. Nc4 Qc7 10. d3 Nf6 11. Qf3 Nd5 12. Nc3 O-O 13. Nxd5 cxd5 14. Qxd5 Bb7 15. Qg5 f6 16. Qg3 Rac8 17. Qxc7 Rxc7 18. b3 Kf7 19. Bd2 Bd5 20. f4 h5 21. Bc3 Rfc8 22. Re2 Rd7 23. Ne3 Bb7 24. h4 Bf8 25. Rf1 Bh6 26. Rff2 Rg8 27. Kf1 Rc8 28. Ke1 Rc6 29. Kd1 Ra6 30. a4 Re6 31. Kc1 Rc6 32. Kb1 e6 33. Nc4 Rc8 34. Nd2 Bf8 35. Re1 Be7 36. Rfe2 Rc6 37. Nc4 Ra6 38. Rg1 Rd8 39. Ree1 Ba8 40. Bb2 Rc6 41. Bc3 Rcc8 42. Re3 Bd5 43. Kb2 Bf8 44. Re2 Ba8 45. Rge1 Rc6 46. g3 Be7 47. Rd2 Rcc8 48. Ka2 Bd5 49. Rde2 Rd7 50. Bb2 Bf8 51. Nd2 Re8 52. Ne4 Be7 53. Nc3 Bd8 54. Ne4 Be7 55. Nc3 Bd8 56. Nxd5 Rxd5 57. Re4 Bb6 58. R1e2 a5 59. Bc3 Re7 60. Be1 Rd6 61. Bf2 Rb7 62. Rc4 Rd5 63. Rce4 Rd6 64. Kb2 Ba7 65. Be1 Bb6 66. Bc3 Rbd7 67. Rg2 Rd5 68. Re1 Rd8 69. Kb1 R8d7 70. Bb2 Rd8 71. Rge2 R5d6 72. Rf1 Rd5 73. Rf3 R8d7 74. Rd2 Rd8 75. Rd1 Ba7 76. c4 R5d7 77. Kc2 Bb6 78. Bc3 Rc8 79. Be1 Rcd8 80. Bf2 Rd6 81. Re3 R6d7 82. Re2 Re8 83. Kc3 Rb8 84. Red2 Rdb7 85. Rb1 Ke7 86. d4 cxd4+ 87. Bxd4 Bxd4+ 88. Rxd4 Rb6 89. Rd3 R8b7 90. Kc2 Rb8 91. Rbd1 R8b7 92. Re1 Rb8 93. Ree3 Rd6 94. Rd5 Ra6 95. Kc3 Rb7 96. Rb5 Rd7 97. Rd3 Rxd3+ 98. Kxd3 Kd6 99. Rb8 Kc5 100. Kc3 e5 101. Rc8+ Kd6 102. Rg8 exf4 103. gxf4 Kc5 104. Rc8+ Kd6 105. Rd8+ Kc6 106. Rg8 Kc5 107. Rxg6 Re6 108. Rh6 Re3+ 109. Kc2 Kd4 110. Rxh5 Re2+ 111. Kd1 Rb2 112. Rb5 Kd3 113. Kc1 Kc3 114. c5 Rh2 115. Kd1 Kd3 116. Ke1 Ke3 117. Kf1 Kf3 118. Ke1 Ke3 119. Kd1 Kd3 120. Ke1 1/2-1/2

[Event "GRENKE Chess Open 2024"]
[Site "Karlsruhe"]
[Date "2024.04.01"]
[Round "9.5"]
[White "Niermann, Tristan"]
[Black "Bomans, Arno"]
[Result "1/2-1/2"]
[WhiteElo "2422"]
[BlackElo "2211"]
[Annotator "RC"]
[PlyCount "82"]
[EventDate "2024.03.28"]
[EventType "swiss"]
[EventCountry "GER"]
[SourceTitle "playchess.com"]
[Source "ChessBase"]
[SourceQuality "1"]

1. c4 c5 2. Nf3 d6 3. Nc3 g6 4. d4 cxd4 5. Nxd4 Bg7 6. e4 Nf6 7. Be2 a6 8. Be3 Nbd7 9. Qd2 Nc5 10. f3 Ne6 11. Nb3 Bd7 12. a4 O-O 13. a5 Rc8 14. O-O Bc6 15. Rfd1 Nd7 16. Bf1 Ne5 17. Nd5 f5 18. exf5 Rxf5 19. f4 Ng4 20. Bb6 Qd7 21. g3 Bxd5 22. cxd5 Nc5 23. Ra3 Rh5 24. h3 Nf6 25. Qg2 Nxb3 26. Rxb3 Qa4 27. Rbd3 Rc2 28. R1d2 Rxd2 29. Rxd2 Nd7 30. Be3 Rf5 31. Kh2 Qxa5 32. Qe4 Nc5 33. Qc4 b5 34. Qc2 Qb4 35. Bg2 Rf8 36. Bxc5 Qxc5 37. Qe4 Bf6 38. h4 Kh8 39. Rc2 Qd4 40. Qxd4 Bxd4 41. b4 Ra8 1/2-1/2

[Event "GRENKE Chess Open 2024"]
[Site "Karlsruhe"]
[Date "2024.04.01"]
[Round "9.5"]
[White "Glantz, Robert"]
[Black "Soucek, Jan"]
[Result "1-0"]
[WhiteElo "2375"]
[BlackElo "2077"]
[Annotator "ChessBase"]
[PlyCount "181"]
[EventDate "2024.03.28"]
[EventType "swiss"]
[EventCountry "GER"]
[SourceTitle "playchess.com"]
[Source "ChessBase"]
[SourceQuality "1"]

1. e4 c6 2. Nf3 d5 3. d3 Qc7 4. Nc3 dxe4 5. Nxe4 Nf6 6. Qe2 Nbd7 7. Nxf6+ Nxf6 8. Bd2 e6 9. g3 Be7 10. Bg2 O-O 11. O-O b6 12. a4 a5 13. Ne5 Bb7 14. Rfe1 c5 15. h4 Bxg2 16. Kxg2 Nd7 17. Nc4 Qc6+ 18. Qe4 Rac8 19. Qxc6 Rxc6 20. h5 Nf6 21. h6 g6 22. Re2 Nd5 23. Rae1 Rd8 24. g4 Bd6 25. Re4 Bc7 26. Kf3 Re8 27. g5 Rd8 28. Bc3 Nxc3 29. bxc3 Rd5 30. Kg4 Kf8 31. f4 Rd8 32. Kf3 Rd7 33. Ne3 Bd8 34. Ng4 Rd5 35. Rb1 Rc8 36. Ne3 Rd6 37. Nc4 Rdc6 38. Ree1 Bc7 39. Rb5 Ra8 40. Reb1 Ra6 41. Ke4 Ke8 42. Ne3 Kf8 43. Ng4 Bd8 44. Ne5 Rd6 45. R1b2 Bc7 46. d4 c4 47. Rb1 Ke7 48. Rf1 Ra8 49. Nxc4 Rc6 50. Kd3 Rc8 51. Ne3 Bd6 52. c4 Kd7 53. Ke4 Bb4 54. Kd3 Bd6 55. c3 Ke7 56. Ke4 Kd7 57. Rfb1 Bc7 58. R1b3 Rf8 59. Rb2 Rc8 60. Rf2 Bd6 61. Rfb2 Bc7 62. Kf3 Rf8 63. R2b3 f6 64. d5 exd5 65. cxd5 Rc5 66. Rxc5 bxc5 67. Kg4 fxg5 68. f5 Re8 69. Kf3 Rf8 70. Ke4 Re8+ 71. Kd3 c4+ 72. Nxc4 gxf5 73. Rb7 Kc8 74. Ra7 Rd8 75. Kd4 f4 76. Kc5 Kb8 77. Ra6 Rf8 78. Re6 f3 79. Nd2 f2 80. d6 Bd8 81. Kc6 g4 82. Nf1 Rf3 83. Re8 Rxc3+ 84. Kd7 Rc1 85. Rxd8+ Kb7 86. Ng3 Rc3 87. Rf8 Rxg3 88. Rxf2 Rb3 89. Rf7 Re3 90. Rxh7 g3 91. Rg7 1-0

[Event "GRENKE Chess Open 2024"]
[Site "Karlsruhe"]
[Date "2024.04.01"]
[Round "9.6"]
[White "Anton Guijarro, David"]
[Black "Engel, Luis"]
[Result "1-0"]
[WhiteElo "2671"]
[BlackElo "2547"]
[Annotator "TA"]
[PlyCount "64"]
[EventDate "2024.03.28"]
[EventType "swiss"]
[EventCountry "GER"]
[SourceTitle "playchess.com"]
[Source "ChessBase"]
[SourceQuality "1"]

1. e4 c5 2. Nf3 d6 3. Bb5+ Bd7 4. Bxd7+ Qxd7 5. O-O Nc6 6. c3 d5 7. d3 e6 8. Qe2 Nge7 9. h4 Nc8 10. Bf4 Be7 11. Re1 O-O 12. a4 Rd8 13. e5 Rb8 14. Nbd2 b5 15. axb5 Rxb5 16. Nf1 Qb7 17. Bc1 Nb6 18. h5 h6 19. N1h2 Na5 20. Ra2 Nb3 21. Bf4 Rb8 22. Ng4 Nd7 23. Bxh6 gxh6 24. Qe3 Ra5 25. Rxa5 Nxa5 26. Qf4 Bf8 27. Nxh6+ Bxh6 28. Qxh6 Qc7 29. Ng5 Nf8 30. Re3 Rb7 31. b4 Rxb4 32. Nh7 Rb2 1-0

[Event "GRENKE Chess Open 2024"]
[Site "Karlsruhe"]
[Date "2024.04.01"]
[Round "9.6"]
[White "Kazakouski, Valery"]
[Black "Tiglon, Bryce"]
[Result "0-1"]
[WhiteElo "2608"]
[BlackElo "2509"]
[Annotator "RC"]
[PlyCount "208"]
[EventDate "2024.03.28"]
[EventType "swiss"]
[EventCountry "GER"]
[SourceTitle "playchess.com"]
[Source "ChessBase"]
[SourceQuality "1"]

1. d4 Nf6 2. c4 g6 3. Nc3 d5 4. Nf3 Bg7 5. Bg5 Ne4 6. Bf4 O-O 7. e3 c5 8. cxd5 Nxc3 9. bxc3 Qxd5 10. Be2 cxd4 11. cxd4 Nc6 12. O-O Qa5 13. Nd2 Qd8 14. Rb1 e5 15. dxe5 Bxe5 16. Bxe5 Nxe5 17. Rb5 Qe7 18. Ne4 a6 19. Rb6 Nd7 20. Qd4 Qe5 21. Rd6 Qxd4 22. exd4 Re8 23. Bf3 Kg7 24. Rc1 Nf8 25. h3 Be6 26. a4 Rad8 27. d5 Rc8 28. Rxc8 Bxc8 29. Rb6 Nd7 30. Rb2 Ne5 31. a5 Rd8 32. Nc3 Nc4 33. Ra2 Bd7 34. Be2 Rc8 35. Ne4 f5 36. Ng5 h6 37. Nf3 Kf6 38. Rc2 Nd6 39. Rxc8 Bxc8 40. Kf1 g5 41. Ke1 g4 42. hxg4 fxg4 43. Nd2 Ke5 44. Nc4+ Nxc4 45. Bxc4 Bf5 46. Kd2 Be4 47. g3 Bxd5 48. Be2 Be6 49. f3 gxf3 50. Bxf3 Bd5 51. Be2 Kd4 52. Bf1 Bf3 53. Bd3 Bg2 54. Be2 Ke4 55. Bg4 Bf3 56. Bh3 Bh1 57. Bg4 Bg2 58. Be2 Bh3 59. Bh5 Bf1 60. Bg4 Bg2 61. Be2 Kd4 62. Bd3 Bd5 63. Be2 Bc6 64. Bf1 Kc5 65. Kc3 Bd5 66. Be2 Bc6 67. Bf1 b6 68. axb6 a5 69. Bc4 Kxb6 70. Kd4 Be8 71. Bd3 Bf7 72. Bc2 Kb5 73. Kc3 a4 74. Bd3+ Kc5 75. Bc2 a3 76. Bd1 Be6 77. Be2 Kd6 78. Bd3 Ke5 79. Bc2 a2 80. Kb2 Kd4 81. Bg6 Ke3 82. Bh5 Bd5 83. Ka1 Kf2 84. g4 Kg3 85. Kb2 Kh4 86. Ka1 Kg5 87. Kb2 Kf6 88. Be8 Be6 89. Ka1 Ke7 90. Bg6 Kf8 91. Kb2 Kg8 92. Ka1 Kh8 93. Kb2 Kg7 94. Be8 Kf6 95. Ka1 Kg5 96. Bh5 Bxg4 97. Bf7 Kf6 98. Bxa2 Be6 99. Bb1 Bf5 100. Ba2 Be6 101. Bb1 h5 102. Kb2 h4 103. Be4 h3 104. Kc3 Ke5 0-1